000 00234nam a2200097Ia 4500
005 20251222114408.0
008 251222s1900||||xx |||||||||||||| ||spa||
082 _aDVD0099/L85/2004
245 0 _aPlaneta sagrado:Sacred planet
942 _cDVD
999 _c1934
_d1934